<?xml version="1.0" encoding="UTF-8"?>
<record
    xmlns:xsi="http://www.w3.org/2001/XMLSchema-instance"
    xsi:schemaLocation="http://www.loc.gov/MARC21/slim http://www.loc.gov/standards/marcxml/schema/MARC21slim.xsd"
    xmlns="http://www.loc.gov/MARC21/slim">

  <leader>00654nam a22001937a 4500</leader>
  <datafield tag="999" ind1=" " ind2=" ">
    <subfield code="c">61701</subfield>
    <subfield code="d">61701</subfield>
  </datafield>
  <controlfield tag="005">20240418121921.0</controlfield>
  <controlfield tag="008">240418s1989    enk||||| |||| 00| 0 eng d</controlfield>
  <datafield tag="020" ind1=" " ind2=" ">
    <subfield code="a">0801642574x</subfield>
  </datafield>
  <datafield tag="041" ind1=" " ind2=" ">
    <subfield code="a">eng</subfield>
  </datafield>
  <datafield tag="080" ind1=" " ind2=" ">
    <subfield code="a">616-08 P-85</subfield>
  </datafield>
  <datafield tag="100" ind1=" " ind2=" ">
    <subfield code="a">Potter,  Patricia A.</subfield>
    <subfield code="9">21861</subfield>
  </datafield>
  <datafield tag="245" ind1=" " ind2=" ">
    <subfield code="a">Fundamentals of nursing :</subfield>
    <subfield code="b">Concepts, process, and practice /</subfield>
    <subfield code="c">Patricia A. Potter,  A.G. Perry.</subfield>
  </datafield>
  <datafield tag="264" ind1=" " ind2=" ">
    <subfield code="a">St. Louis :</subfield>
    <subfield code="b">Mosby, </subfield>
    <subfield code="c">1989.</subfield>
  </datafield>
  <datafield tag="300" ind1=" " ind2=" ">
    <subfield code="a">1520 p.:</subfield>
    <subfield code="b">ill.;</subfield>
    <subfield code="c">29 cm.</subfield>
  </datafield>
  <datafield tag="653" ind1=" " ind2=" ">
    <subfield code="a">&#x10E1;&#x10D0;&#x10D4;&#x10E5;&#x10D7;&#x10DC;&#x10DD; &#x10E1;&#x10D0;&#x10E4;&#x10E3;&#x10EB;&#x10D5;&#x10DA;&#x10D4;&#x10D1;&#x10D8;</subfield>
  </datafield>
  <datafield tag="653" ind1=" " ind2=" ">
    <subfield code="a">&#x10DB;&#x10D4;&#x10D3;&#x10D8;&#x10EA;&#x10D8;&#x10DC;&#x10D0;</subfield>
  </datafield>
  <datafield tag="700" ind1=" " ind2=" ">
    <subfield code="a">Perry, A.G.</subfield>
    <subfield code="e">&#x10D0;&#x10D5;&#x10E2;&#x10DD;&#x10E0;&#x10D8;</subfield>
    <subfield code="9">21862</subfield>
  </datafield>
  <datafield tag="942" ind1=" " ind2=" ">
    <subfield code="2">udc</subfield>
    <subfield code="c">&#x1CAC;&#x1C98;&#x1C92;&#x1C9C;&#x1C98;</subfield>
  </datafield>
  <datafield tag="952" ind1=" " ind2=" ">
    <subfield code="0">0</subfield>
    <subfield code="1">0</subfield>
    <subfield code="2">udc</subfield>
    <subfield code="4">0</subfield>
    <subfield code="6">61608_P85</subfield>
    <subfield code="7">0</subfield>
    <subfield code="9">98694</subfield>
    <subfield code="a">CPL</subfield>
    <subfield code="b">CPL</subfield>
    <subfield code="c">GEN</subfield>
    <subfield code="d">2024-04-18</subfield>
    <subfield code="g">100.00</subfield>
    <subfield code="o">616-08 P-85</subfield>
    <subfield code="p">67866</subfield>
    <subfield code="r">2024-04-18</subfield>
    <subfield code="t">67866</subfield>
    <subfield code="w">2024-04-18</subfield>
    <subfield code="y">&#x1CAC;&#x1C98;&#x1C92;&#x1C9C;&#x1C98;</subfield>
    <subfield code="z">100 &#x10DA;.</subfield>
  </datafield>
</record>
